[Event "Regionalliga Sued-West 1819"]
[Site "Bayern"]
[Date "2019.03.24"]
[Round "8.6"]
[White "Wein, Ulrich"]
[Black "Lerch, Martin"]
[Result "0-1"]
[WhiteElo "1946"]
[BlackElo "2012"]
[PlyCount "84"]
[EventDate "2018.10.21"]
[EventType "team-tourn"]
[EventRounds "9"]
[EventCountry "GER"]
[SourceTitle "EXT 2022"]
[Source "ChessBase"]
[SourceDate "2021.10.06"]
[SourceVersion "1"]
[SourceVersionDate "2021.10.06"]
[SourceQuality "1"]
[WhiteTeam "Sendling SC"]
[BlackTeam "Zugzwang MSA II"]
[WhiteTeamCountry "GER"]
[BlackTeamCountry "GER"]

1. e4 e6 2. d4 d5 3. Nc3 Bb4 4. e5 Ne7 5. Qg4 c5 6. a3 Qa5 7. Bd2 cxd4 8. Qxd4 Nbc6 9. Bb5 0-0 10. Bxc6 Nxc6 11. Qf4 d4 12. Nce2 Bxd2+ 13. Qxd2 Qxe5 14. Nf3 Qe4 15. 0-0 e5 16. Ng3 Qg6 17. Rfe1 f6 18. Nh4 Qf7 19. Nhf5 Bxf5 20. Nxf5 Qd7 21. Ng3 Rad8 22. Rad1 Qc7 23. Re4 f5 24. Rh4 Qe7 25. Rh5 g6 26. Rh6 e4 27. Qe2 Ne5 28. Rh3 Qc5 29. Nf1 Rd7 30. Rb3 a6 31. h3 Rc8 32. c3 d3 33. Qd2 b5 34. Qf4 Nc4 35. Ne3 Qe5 36. Qh6 Nxe3 37. Qxe3 f4 38. Qe1 e3 39. f3 Rc4 40. Rb4 Qd5 41. h4 a5 42. Rxc4 bxc4 0-1

[Event "Regionalliga Sued-West 1819"]
[Site "Bayern"]
[Date "2019.02.03"]
[Round "6.7"]
[White "Schmidt, Hans"]
[Black "Wein, Ulrich"]
[Result "1/2-1/2"]
[WhiteElo "1997"]
[BlackElo "1946"]
[PlyCount "41"]
[EventDate "2018.10.21"]
[EventType "team-tourn"]
[EventRounds "9"]
[EventCountry "GER"]
[SourceTitle "EXT 2022"]
[Source "ChessBase"]
[SourceDate "2021.10.06"]
[SourceVersion "1"]
[SourceVersionDate "2021.10.06"]
[SourceQuality "1"]
[WhiteTeam "Garching III"]
[BlackTeam "Sendling SC"]
[WhiteTeamCountry "GER"]
[BlackTeamCountry "GER"]

1. d4 d5 2. c4 c6 3. Nc3 Nf6 4. Nf3 e6 5. Bg5 Nbd7 6. e3 Qa5 7. Bxf6 Nxf6 8. a3 Ne4 9. Qc1 Nxc3 10. Qxc3 Qxc3+ 11. bxc3 Bd6 12. Bd3 0-0 13. 0-0 f6 14. cxd5 cxd5 15. c4 Bd7 16. cxd5 exd5 17. Rfb1 Rab8 18. e4 dxe4 19. Bxe4 b5 20. Nd2 Rfc8 21. Bd5+ 1/2-1/2

[Event "Regionalliga SW 1314"]
[Site "Bayern"]
[Date "2013.11.24"]
[Round "3.8"]
[White "Osthoff, Michael"]
[Black "Wein, Ulrich"]
[Result "0-1"]
[WhiteElo "1974"]
[BlackElo "1894"]
[PlyCount "152"]
[EventDate "2013.10.13"]
[EventType "team-tourn"]
[EventRounds "9"]
[EventCountry "GER"]
[SourceTitle "EXT 2015"]
[Source "ChessBase"]
[SourceDate "2014.11.20"]
[SourceVersion "1"]
[SourceVersionDate "2014.11.20"]
[SourceQuality "1"]
[WhiteTeam "Muenchen Siemens"]
[BlackTeam "Sendling"]
[WhiteTeamCountry "GER"]
[BlackTeamCountry "GER"]

1. d4 Nf6 2. c4 e6 3. Nf3 d5 4. Nc3 c5 5. e3 Nc6 6. cxd5 exd5 7. Be2 cxd4 8. exd4 Be7 9. 0-0 0-0 10. Bf4 Bf5 11. Rc1 Rc8 12. Qb3 Na5 13. Qa4 a6 14. b4 Nc4 15. Qb3 b5 16. a4 Qb6 17. axb5 axb5 18. Bg5 Be6 19. Ra1 Ra8 20. Bd3 h6 21. Be3 Ra6 22. Rxa6 Qxa6 23. Rb1 Ra8 24. h3 Qb7 25. Bc1 Ne4 26. Qc2 f5 27. Nd2 Nexd2 28. Bxd2 Na3 29. Qb3 Nxb1 30. Qxb1 Qa7 31. Qe1 Bf7 32. Nxb5 Qd7 33. Qe5 Ra1+ 34. Kh2 Bf6 35. Qf4 Bg6 36. g4 Bg5 37. Qb8+ Kh7 38. Bxg5 hxg5 39. Qe5 fxg4 40. Bxg6+ Kxg6 41. Nd6 Ra6 42. Qe8+ Qxe8 43. Nxe8 Rb6 44. Nc7 Rxb4 45. Nxd5 Rxd4 46. Ne3 gxh3 47. Kxh3 Kf6 48. Kg3 Ke5 49. Ng4+ Kf5 50. Ne3+ Ke5 51. Ng4+ Ke4 52. Ne3 Kd3 53. Kg2 Ke2 54. Nf1 Rf4 55. Ng3+ Ke1 56. f3 g4 57. fxg4 Rxg4 58. Kf3 Ra4 59. Ne4 Kf1 60. Ng3+ Kg1 61. Nh5 g5 62. Kg3 Rh4 63. Ng7 Re4 64. Kf3 Rf4+ 65. Kg3 Rf2 66. Nh5 Rg2+ 67. Kh3 g4+ 68. Kh4 Kf2 69. Nf4 g3 70. Nd3+ Ke3 71. Kh3 Rg1 72. Ne5 Ke4 73. Nc4 Kf4 74. Nd2 Rd1 75. Nc4 Rd4 76. Na3 Rd2 0-1

[Event "Landesliga Sued 1112"]
[Site "Bayern"]
[Date "2011.12.11"]
[Round "4.4"]
[White "Tyomkyn, Mikhail"]
[Black "Wein, Ulrich"]
[Result "1-0"]
[WhiteElo "2072"]
[BlackElo "2022"]
[PlyCount "71"]
[EventDate "2011.10.02"]
[EventType "team-tourn"]
[EventRounds "9"]
[EventCountry "GER"]
[SourceTitle "EXT 2013"]
[Source "ChessBase"]
[SourceDate "2012.11.22"]
[SourceVersion "1"]
[SourceVersionDate "2012.11.22"]
[SourceQuality "1"]
[WhiteTeam "Haunstetten"]
[BlackTeam "Sendling"]
[WhiteTeamCountry "GER"]
[BlackTeamCountry "GER"]

1. d4 d5 2. c4 c6 3. Nf3 Nf6 4. e3 Bf5 5. Nc3 e6 6. Nh4 Bg6 7. Nxg6 hxg6 8. Be2 Qc7 9. h3 Bb4 10. Qb3 a5 11. Bf3 Nbd7 12. Bd2 Nb6 13. cxd5 exd5 14. Be2 Nc8 15. Rc1 Bxc3 16. Bxc3 Ne4 17. Qa3 Nxc3 18. bxc3 b5 19. e4 dxe4 20. c4 b4 21. Qe3 Qe7 22. c5 0-0 23. h4 f5 24. Bc4+ Kh7 25. g3 Qf6 26. g4 fxg4 27. h5 Qf4 28. Rc2 Qxe3+ 29. fxe3 Rf3 30. Rg2 gxh5 31. Rxh5+ Kg6 32. Re5 Rxe3+ 33. Kd2 Ra3 34. Rxg4+ Kf6 35. Rf4+ Kg6 36. Bf7+ 1-0

[Event "Landesliga Sued 1112"]
[Site "Bayern"]
[Date "2011.11.20"]
[Round "3.4"]
[White "Wein, Ulrich"]
[Black "Bauer, Robert"]
[Result "0-1"]
[WhiteElo "2022"]
[BlackElo "2098"]
[PlyCount "54"]
[EventDate "2011.10.02"]
[EventType "team-tourn"]
[EventRounds "9"]
[EventCountry "GER"]
[SourceTitle "EXT 2013"]
[Source "ChessBase"]
[SourceDate "2012.11.22"]
[SourceVersion "1"]
[SourceVersionDate "2012.11.22"]
[SourceQuality "1"]
[WhiteTeam "Sendling"]
[BlackTeam "Freising"]
[WhiteTeamCountry "GER"]
[BlackTeamCountry "GER"]

1. e4 e5 2. Nf3 Nc6 3. Bc4 Nf6 4. Ng5 d5 5. exd5 Na5 6. d3 h6 7. Nf3 e4 8. Qe2 Nxc4 9. dxc4 Bc5 10. h3 0-0 11. Nh2 e3 12. Bxe3 Bxe3 13. fxe3 Ne4 14. Nf1 Qf6 15. c3 Bf5 16. Nbd2 Nc5 17. Nb3 Nd3+ 18. Kd1 Qh4 19. Rg1 Qxc4 20. e4 Bxe4 21. Ne3 Qa4 22. g4 Ne5 23. Rg3 Rad8 24. c4 Bd3 25. Qf2 Bxc4 26. Nxc4 Qxc4 27. Nd2 Qxd5 0-1

[Event "Munich OIS op 31st"]
[Site "Munich"]
[Date "2011.09.21"]
[Round "5"]
[White "Wein, Ulrich"]
[Black "Lochte, Thomas"]
[Result "0-1"]
[WhiteElo "2020"]
[BlackElo "2172"]
[PlyCount "48"]
[EventDate "2011.09.17"]
[EventType "swiss"]
[EventRounds "9"]
[EventCountry "GER"]
[SourceTitle "CBM 144 Extra"]
[Source "ChessBase"]
[SourceDate "2011.10.28"]
[SourceVersion "1"]
[SourceVersionDate "2011.10.28"]
[SourceQuality "1"]

1. e4 e5 2. Nf3 Nc6 3. Bc4 Nf6 4. 0-0 Nxe4 5. d4 exd4 6. Re1 d5 7. Bxd5 Qxd5 8. Nc3 Qa5 9. Nxe4 Be6 10. Neg5 0-0-0 11. Nxe6 fxe6 12. Rxe6 Qd5 13. Qe2 h6 14. Bd2 Bc5 15. a3 Rhf8 16. Re1 d3 17. cxd3 Nd4 18. Nxd4 Bxd4 19. Rf1 Bxb2 20. Bc1 Bxc1 21. Rxc1 Qxd3 22. Qg4 Kb8 23. Qxg7 Qc2 24. Rf1 Qxf2+ 0-1

[Event "Munich OIS op 31st"]
[Site "Munich"]
[Date "2011.09.17"]
[Round "1"]
[White "Belezky, Alexander"]
[Black "Wein, Ulrich"]
[Result "1-0"]
[WhiteElo "2430"]
[BlackElo "2020"]
[PlyCount "85"]
[EventDate "2011.09.17"]
[EventType "swiss"]
[EventRounds "9"]
[EventCountry "GER"]
[SourceTitle "CBM 144 Extra"]
[Source "ChessBase"]
[SourceDate "2011.10.28"]
[SourceVersion "1"]
[SourceVersionDate "2011.10.28"]
[SourceQuality "1"]

1. Nf3 Nf6 2. b3 d5 3. Bb2 c5 4. e3 Nc6 5. Bb5 Bd7 6. 0-0 a6 7. Bxc6 Bxc6 8. Ne5 Rc8 9. d3 e6 10. Nd2 Be7 11. f4 0-0 12. Rf3 Nd7 13. Rh3 Nxe5 14. Qh5 h6 15. Bxe5 Bf6 16. Nf3 Be8 17. Rg3 Kh8 18. Rf1 Bxe5 19. Qxe5 Qf6 20. Qxf6 gxf6 21. f5 Rg8 22. Rh3 Kg7 23. Nd2 e5 24. Rff3 Rh8 25. Rfg3+ Kf8 26. Rg4 Bd7 27. Rh5 b5 28. a3 a5 29. Kf2 Rb8 30. Ke2 a4 31. b4 Rc8 32. Kd1 Ke7 33. Nb1 Rhg8 34. Rxg8 Rxg8 35. bxc5 Rxg2 36. Nc3 Bc6 37. Na2 Rg1+ 38. Kd2 Ra1 39. Nb4 Kd7 40. Rxh6 d4 41. e4 Rxa3 42. Rxf6 Ba8 43. Rxf7+ 1-0

[Event "Landesliga Sued 1011"]
[Site "Bayern"]
[Date "2011.03.20"]
[Round "8.6"]
[White "Krulich, Roman"]
[Black "Wein, Ulrich"]
[Result "1-0"]
[WhiteElo "2170"]
[BlackElo "1993"]
[PlyCount "65"]
[EventDate "2010.10.10"]
[EventType "team-tourn"]
[EventRounds "9"]
[EventCountry "GER"]
[SourceTitle "EXT 2012"]
[Source "ChessBase"]
[SourceDate "2011.11.24"]
[SourceVersion "1"]
[SourceVersionDate "2011.11.24"]
[SourceQuality "1"]
[WhiteTeam "Muenchen Zugzwang"]
[BlackTeam "Sendling"]
[WhiteTeamCountry "GER"]
[BlackTeamCountry "GER"]

1. e4 b6 2. d4 Bb7 3. Bd3 e6 4. Nf3 Nf6 5. Qe2 d5 6. e5 Nfd7 7. 0-0 c5 8. c3 Nc6 9. a3 Be7 10. b4 0-0 11. Bf4 Re8 12. Nbd2 f6 13. b5 Na5 14. exf6 Bxf6 15. Ne5 Nxe5 16. dxe5 Bg5 17. Bxg5 Qxg5 18. f4 Qe7 19. Qh5 g6 20. Qg4 c4 21. Bc2 Rad8 22. Nf3 Nb3 23. Rad1 Nc5 24. Nd4 Ne4 25. Rf3 Rc8 26. h4 Qf7 27. f5 h5 28. fxg6 Qf5 29. Qxf5 exf5 30. Rxf5 Nxc3 31. Rdf1 Rf8 32. Rf7 Rb8 33. e6 1-0

[Event "Landesliga Sued 1011"]
[Site "Bayern"]
[Date "2011.02.27"]
[Round "7.5"]
[White "Stoer, Andreas"]
[Black "Wein, Ulrich"]
[Result "0-1"]
[WhiteElo "2216"]
[BlackElo "1993"]
[PlyCount "114"]
[EventDate "2010.10.10"]
[EventType "team-tourn"]
[EventRounds "9"]
[EventCountry "GER"]
[SourceTitle "EXT 2012"]
[Source "ChessBase"]
[SourceDate "2011.11.24"]
[SourceVersion "1"]
[SourceVersionDate "2011.11.24"]
[SourceQuality "1"]
[WhiteTeam "Kriegshaber"]
[BlackTeam "Sendling"]
[WhiteTeamCountry "GER"]
[BlackTeamCountry "GER"]

1. c4 e5 2. Nc3 Nf6 3. Nf3 Nc6 4. g3 d5 5. cxd5 Nxd5 6. d3 Bb4 7. Bd2 0-0 8. Bg2 Be6 9. 0-0 Qd7 10. Ng5 Nxc3 11. bxc3 Bc5 12. Nxe6 Qxe6 13. Qb1 Rab8 14. Qb5 Qd6 15. a4 a6 16. Qb3 Na5 17. Qa2 Kh8 18. Rab1 f5 19. Qd5 Rfd8 20. c4 Nc6 21. Bg5 Rf8 22. Be3 Bxe3 23. fxe3 Qxd5 24. Bxd5 Na5 25. Rb2 g6 26. Rc1 Rfd8 27. Bf3 Kg7 28. g4 Kf6 29. Kf2 fxg4 30. Bxg4 h5 31. Bf3 g5 32. Be4 g4 33. Rbb1 Kg5 34. Kg2 Rf8 35. Rf1 c6 36. c5 Rbe8 37. Kg1 Rxf1+ 38. Kxf1 h4 39. Kg2 Rf8 40. Rb4 h3+ 41. Kg1 Rf6 42. Bh1 Rf7 43. Re4 Nb3 44. Rxe5+ Kh4 45. Be4 Nc1 46. Rf5 Rxf5 47. Bxf5 g3 48. hxg3+ Kxg3 49. Be4 Nxe2+ 50. Kf1 Nc3 51. Bh1 Nxa4 52. d4 Nc3 53. Ke1 Kh2 54. Bf3 Kg1 55. Kd2 Nd5 56. e4 Nf4 57. e5 h2 0-1

[Event "Landesliga Sued 1011"]
[Site "Bayern"]
[Date "2011.01.16"]
[Round "5.6"]
[White "Wein, Ulrich"]
[Black "Enigl, Karl"]
[Result "0-1"]
[WhiteElo "1993"]
[BlackElo "2022"]
[PlyCount "116"]
[EventDate "2010.10.10"]
[EventType "team-tourn"]
[EventRounds "9"]
[EventCountry "GER"]
[SourceTitle "EXT 2012"]
[Source "ChessBase"]
[SourceDate "2011.11.24"]
[SourceVersion "1"]
[SourceVersionDate "2011.11.24"]
[SourceQuality "1"]
[WhiteTeam "Sendling"]
[BlackTeam "Weilheim"]
[WhiteTeamCountry "GER"]
[BlackTeamCountry "GER"]

1. e4 c6 2. d4 d5 3. exd5 cxd5 4. c4 Nf6 5. Nf3 Nc6 6. c5 g6 7. h3 Bg7 8. Bb5 Qa5+ 9. Nc3 Ne4 10. Bd2 Nxc3 11. Bxc6+ bxc6 12. Bxc3 Qa6 13. Qe2 0-0 14. Qxa6 Bxa6 15. Kd2 f6 16. Rhe1 Kf7 17. b4 Bc4 18. Kc2 Bh6 19. a4 a6 20. Bd2 Bg7 21. Bf4 a5 22. bxa5 Rxa5 23. Bc7 Ra7 24. Bb6 Rd7 25. Nd2 Ba6 26. f4 Re8 27. Nf3 h6 28. g4 e6 29. Ra3 g5 30. fxg5 hxg5 31. Rae3 Rde7 32. h4 gxh4 33. Nxh4 Bh6 34. Rf3 Rg8 35. Rg3 Bg5 36. Nf3 Kg6 37. Rh3 Bf4 38. Reh1 Reg7 39. Kc3 Kf7 40. Rh7 Rxh7 41. Rxh7+ Rg7 42. Rxg7+ Kxg7 43. Ne1 Kf7 44. Nd3 Bg3 45. Bd8 e5 46. dxe5 fxe5 47. Kd2 Bc4 48. Nb4 Bf4+ 49. Kc3 Be2 50. g5 d4+ 51. Kc2 e4 52. Ba5 d3+ 53. Nxd3 exd3+ 54. Kb3 d2 55. Bxd2 Bxd2 56. Kc2 Bxg5 57. Kc3 Ke6 58. Kd4 Ba6 0-1

[Event "Landesliga Sued 0910"]
[Site "Bayern"]
[Date "2010.04.11"]
[Round "9.6"]
[White "Wein, Ulrich"]
[Black "Wagner, Hans2222"]
[Result "1/2-1/2"]
[WhiteElo "1992"]
[BlackElo "2133"]
[PlyCount "79"]
[EventDate "2009.10.18"]
[EventType "team-tourn"]
[EventRounds "9"]
[EventCountry "GER"]
[SourceTitle "EXT 2011"]
[Source "ChessBase"]
[SourceDate "2010.11.26"]
[SourceVersion "1"]
[SourceVersionDate "2010.11.26"]
[SourceQuality "1"]
[WhiteTeam "Sendling"]
[BlackTeam "Rottal"]
[WhiteTeamCountry "GER"]
[BlackTeamCountry "GER"]

1. e4 c5 2. Nf3 d6 3. d4 cxd4 4. Qxd4 Nc6 5. Bb5 Bd7 6. Bxc6 bxc6 7. c4 e5 8. Qd3 Be7 9. 0-0 Qc7 10. Nc3 Rd8 11. Be3 h6 12. b4 Nf6 13. Rfb1 Be6 14. b5 cxb5 15. cxb5 Rc8 16. Rc1 Qb7 17. a4 0-0 18. a5 Bc4 19. Qb1 Ng4 20. a6 Qa8 21. Bd2 f5 22. exf5 d5 23. h3 Nxf2 24. Kxf2 Bc5+ 25. Ke1 e4 26. Ne5 e3 27. Nxc4 dxc4 28. Qe4 exd2+ 29. Kxd2 Qb8 30. Kc2 Kh8 31. Rd1 Rfe8 32. Qg4 Bb4 33. f6 gxf6 34. Qg6 Qe5 35. Qxh6+ Kg8 36. Qg6+ Kh8 37. Qh6+ Kg8 38. Qg6+ Kh8 39. Qh6+ Kg8 40. Qg6+ 1/2-1/2

[Event "Landesliga Sued 0910"]
[Site "Bayern"]
[Date "2010.02.07"]
[Round "6.7"]
[White "Wein, Ulrich"]
[Black "Jermann, Frank"]
[Result "1/2-1/2"]
[WhiteElo "1992"]
[BlackElo "2060"]
[PlyCount "71"]
[EventDate "2009.10.18"]
[EventType "team-tourn"]
[EventRounds "9"]
[EventCountry "GER"]
[SourceTitle "EXT 2011"]
[Source "ChessBase"]
[SourceDate "2010.11.26"]
[SourceVersion "1"]
[SourceVersionDate "2010.11.26"]
[SourceQuality "1"]
[WhiteTeam "Sendling"]
[BlackTeam "Kriegshaber"]
[WhiteTeamCountry "GER"]
[BlackTeamCountry "GER"]

1. e4 d5 2. d4 c6 3. exd5 cxd5 4. c4 Nf6 5. Nf3 e6 6. Nc3 Bb4 7. Bd2 0-0 8. a3 Be7 9. c5 Ne4 10. Bd3 f5 11. 0-0 Nc6 12. b4 Bf6 13. Ne2 e5 14. dxe5 Nxe5 15. Nxe5 Bxe5 16. Rb1 Nxd2 17. Qxd2 f4 18. f3 Be6 19. Bc2 Qh4 20. Nd4 Bf7 21. Rfe1 Qf6 22. Red1 Rfd8 23. Rbc1 Rac8 24. Bb3 b6 25. Rc3 a5 26. Rc2 axb4 27. axb4 bxc5 28. Rxc5 Rxc5 29. bxc5 Rc8 30. Qb4 Rb8 31. Nb5 Qa6 32. Ba4 Ra8 33. Bb3 Rb8 34. Ba4 Ra8 35. Bb3 Rb8 36. Ba4 1/2-1/2

[Event "Landesliga Sued 0910"]
[Site "Bayern"]
[Date "2009.11.29"]
[Round "3.8"]
[White "Koch, Enrico"]
[Black "Wein, Ulrich"]
[Result "1-0"]
[WhiteElo "1952"]
[BlackElo "1992"]
[PlyCount "85"]
[EventDate "2009.10.18"]
[EventType "team-tourn"]
[EventRounds "9"]
[EventCountry "GER"]
[SourceTitle "EXT 2011"]
[Source "ChessBase"]
[SourceDate "2010.11.26"]
[SourceVersion "1"]
[SourceVersionDate "2010.11.26"]
[SourceQuality "1"]
[WhiteTeam "Muenchen Tarrasch II"]
[BlackTeam "Sendling"]
[WhiteTeamCountry "GER"]
[BlackTeamCountry "GER"]

1. Nf3 d5 2. g3 c5 3. Bg2 Nc6 4. d4 e6 5. 0-0 Nf6 6. b3 cxd4 7. Nxd4 Bc5 8. Bb2 0-0 9. Nxc6 bxc6 10. Nd2 a5 11. c4 Ba6 12. Qc2 Rc8 13. e3 Qe7 14. Bc3 Bb4 15. a3 Bxc3 16. Qxc3 Ra8 17. e4 Rfd8 18. exd5 cxd5 19. Rfc1 Qc7 20. Qb2 Qe7 21. c5 Rab8 22. Qc3 Qc7 23. b4 a4 24. Nf3 Ne4 25. Qc2 e5 26. Qxa4 Bb5 27. Qc2 f5 28. Nd2 Nxd2 29. Qxd2 d4 30. a4 Be8 31. b5 e4 32. b6 Qc6 33. a5 Qd5 34. a6 Bc6 35. b7 Bxb7 36. axb7 Rxb7 37. Ra5 Rc7 38. c6 Qe6 39. Rac5 d3 40. Bh3 g6 41. Bxf5 gxf5 42. Qg5+ Kf7 43. Qxd8 1-0

[Event "Regionalliga SW 0506"]
[Site "Bayern"]
[Date "2005.12.11"]
[Round "4.8"]
[White "Gabriel, Wilfried"]
[Black "Wein, Ulrich"]
[Result "1/2-1/2"]
[WhiteElo "1837"]
[BlackElo "1839"]
[PlyCount "41"]
[EventDate "2005.10.23"]
[EventType "team-tourn"]
[EventRounds "9"]
[EventCountry "GER"]
[SourceTitle "EXT 2007"]
[Source "ChessBase"]
[SourceDate "2006.11.23"]
[SourceVersion "1"]
[SourceVersionDate "2006.11.23"]
[SourceQuality "1"]

1. e4 d5 2. exd5 Nf6 3. d4 Nxd5 4. c4 Nf6 5. Be2 e6 6. Nf3 c5 7. 0-0 Nc6 8. dxc5 Qxd1 9. Rxd1 Bxc5 10. Nc3 Bd7 11. h3 h6 12. Bf4 0-0 13. a3 a5 14. Bd6 Bxd6 15. Rxd6 Rfd8 16. Rad1 Be8 17. Rxd8 Rxd8 18. Rxd8 Nxd8 19. Ne5 Nc6 20. Nxc6 Bxc6 21. b4 1/2-1/2

[Event "Landesliga Sued 9495"]
[Site "Bayern"]
[Date "1995.03.05"]
[Round "6.8"]
[White "Wein, Ulrich"]
[Black "Baumgartner, Jakob"]
[Result "0-1"]
[WhiteElo "1955"]
[BlackElo "1835"]
[PlyCount "73"]
[EventDate "1994.10.09"]
[EventType "team-tourn"]
[EventRounds "9"]
[EventCountry "GER"]
[SourceTitle "EXT 1999"]
[Source "ChessBase"]
[SourceDate "1998.11.16"]
[SourceVersion "1"]
[SourceVersionDate "1998.11.16"]
[SourceQuality "1"]
[WhiteTeam "Sendling SC"]
[BlackTeam "Dorfen PSV"]
[WhiteTeamCountry "GER"]
[BlackTeamCountry "GER"]

1. e4 e6 2. d4 d5 3. Nc3 Nf6 4. e5 Nfd7 5. f4 c5 6. Nf3 Nc6 7. Be3 Be7 8. Be2 0-0 9. 0-0 f6 10. Na4 fxe5 11. fxe5 cxd4 12. Bxd4 Qa5 13. b3 Nxd4 14. Qxd4 b5 15. Qg4 Nb8 16. Nb2 Nc6 17. Bd3 Bd7 18. a4 Qb4 19. Qh3 h6 20. Qg3 Be8 21. axb5 Nd4 22. Ra4 Nxf3+ 23. gxf3 Qc5+ 24. Kh1 Bxb5 25. Ra5 a6 26. Rxb5 axb5 27. Qg6 Bg5 28. Qxe6+ Kh8 29. Qg6 Kg8 30. e6 Rf4 31. Qh7+ Kf8 32. Qh8+ Ke7 33. Qxa8 Qe3 34. Qxd5 Rd4 35. Qc5+ Kxe6 36. Qc6+ Ke7 37. Qb7+ 0-1